Asas tauhid : Pertumbuhan dan huraiannya
| Main Author: | |
|---|---|
| Format: | Book |
| Published: |
Kuala Lumpur :
DBP ,
1989
|
| Subjects: |
MARC
| LEADER | 00000cam a2200000 7i4500 | ||
|---|---|---|---|
| 001 | 0000005011 | ||
| 002 | 000005402 | ||
| 005 | 20000330.0 | ||
| 020 | |a 9836209743 | ||
| 090 | 0 | 0 | |a 297.211 |b MUD |
| 100 | 0 | |a Mudasir Rosder | |
| 245 | 1 | 0 | |a Asas tauhid : |b Pertumbuhan dan huraiannya |c MudasirRosder |
| 260 | |a Kuala Lumpur : |b DBP , |c 1989 | ||
| 300 | |a 224 p. ; |c 22 cm. | ||
| 650 | 0 | 0 | |a Tauhid (Islam) |
| 999 | |a 033564 |b BUKU |c PINJAMAN |e PERPUSTAKAAN KOMUNITI PETALING JAYA | ||